| 000 | 00657nam a2200193Ia 4500 | ||
|---|---|---|---|
| 003 | GCL | ||
| 008 | 140319s9999 xx 000 0 ara d | ||
| 040 |
_aGCL / _cGCL |
||
| 082 | 0 | 4 |
_a667.6 _bح د |
| 100 | 1 | _aحسين محمد جمعة | |
| 245 | 1 | 0 |
_aالدهانات الحديثة للديكور : _bدهانات القرن 21 / _cحسين محمد جمعة |
| 260 |
_aالقاهرة : _bمكتب الدراسات والاستشارات الهندسية ، _c2003 |
||
| 300 |
_a283 ص ؛ _c24 سم |
||
| 650 | 0 | 4 | _aالالوان |
| 650 | 0 | 4 | _aالطلاء |
| 650 | 0 | 4 | _aالديكور المعمارى |
| 650 | 0 | 4 | _aالورنيش |
| 942 |
_2ddc _cBK |
||
| 999 |
_c6079 _d6079 |
||